00586nam a22001695i 4500001000700000003000900007005001700016008004100033100004000074245005100114260005000165300002200215650001900237852002100256999001900277952012000296168529ES-MaACL20230906213819.0080417q1929 xxk |||| | eng d1 aMackenzie, William Leslie.913761010aHealth and disease / cby W. Leslie Mackenzie. aLondon : bWilliams and Norgate, c[ca. 1929] a254 p. ; c17 cm. 4aSalud.91368484 aES-MaACLjC-2727 c168529d168529 00104070aATENEOMbATENEOMcSPALd2008-04-17eSCl0oC-2727p1176854r2023-02-23 00:00:00w2023-02-23yMONOGRAFIA